| 000 | 01235nam a2200253 a 4500 | ||
|---|---|---|---|
| 001 | 40993 | ||
| 003 | BD-RjUL | ||
| 005 | 20211209053317.0 | ||
| 008 | 160514s1998 ii ||||| |||| 00| 0 ben d | ||
| 020 | _c: IRs 125.00 | ||
| 035 | _a(BD-RjUL)41109 | ||
| 040 |
_aBD-RjUL _bben _cBD-RjUL |
||
| 041 | _aben | ||
| 082 |
_223 _a891.2 _bSAU 1998 |
||
| 100 |
_aশাস্ত্রী, সীতানাথ আচার্য _9126153 |
||
| 245 | 1 | 0 |
_aউত্তররামচরিত : _bভূমিকা, সমীক্ষাত্নক আলোচনা, মূল, বীররাঘবের টীকা, বঙ্গানুবাদ, সংস্কৃতিক ব্যাখ্যা / _cসীতানাথ আচার্য শাস্ত্রী, দেবকুমার দাশ; সম্পাদক |
| 250 | _a১ম সং. | ||
| 260 |
_aকলিকাতা : _bসংস্কৃত পুস্তক ভান্ডার, _c১৯৯৮ |
||
| 300 |
_a৩০০ পৃ. ; _c২১ সেমি. |
||
| 650 |
_aSanskrit Literature _9126154 |
||
| 650 |
_aসংস্কৃত সাহিত্য _9126155 |
||
| 700 |
_aদাশ, দেবকুমার _9126156 |
||
| 942 |
_2ddc _cBK |
||
| 999 |
_c40993 _d40993 |
||